00614nam a2200157 a 450000100100000000500170001000800410002704000250006810000260009324000430011924500860016226000590024830000270030795201050033499900170043900003830020201002031222.0130408s2004 dr a 000 0 spa d aDO-SdBNPbspacBNPHU1 aDíaz, Vianela9266810aVamos a conocer nuestra constitución10aMaterial de trabajo para los talleres de educación ciudadana /cVianela Díaz. aSanto Domingo :bParticipación Ciudadana ,c[s. f.]. a47 p. :bil. ;c27 cm. 0010718PDaPDbPDcCTd2013-04-08iLF1l0o p38300-10r2020-06-25w2020-06-25yLFPDZNo se presta c37790d37790